000 00774nam a2200205 a 4500
001 000041693
005 20201002035714.0
008 131015s2004 sp 000 0 spa d
020 _a8400082974
040 _aDO-SdBNP
_bspa
_cBNPHU
100 1 _aGargallo Gil, José Enrique
_968507
245 0 0 _aHabla y cultura popular en el rincón de Ademuz /
_cJosé Enrique Gargallo Gil.
260 _aMadrid :
_bCSIC,
_c2004.
300 _a340 p. : ;
_c24 cm.
490 1 _aAnejos de la revista de filología española
_v96
500 _aIncluye índice
504 _aIncluye referencias bibliográficas y notas al pie de las páginas
710 2 _aConsejo Superior de Investigaciones Científicas (Roma)
_968127
830 0 _aAnejos de la revista de filología española
_v96
_968508
999 _c41183
_d41183